|
|
|
|
| LEADER |
00000nam0a2200000 4500 |
| 001 |
239931 |
| 005 |
20231101231716.0 |
| 010 |
|
|
|a 5286004415
|
| 035 |
|
|
|a (RuTPU)RU\TPU\book\261175
|
| 090 |
|
|
|a 239931
|
| 100 |
|
|
|a 20130617d1990 k y0rusy50 ca
|
| 101 |
0 |
|
|a rus
|
| 102 |
|
|
|a RU
|
| 105 |
|
|
|a a z 001zy
|
| 200 |
1 |
|
|a Гидравлика гидрометрических сооружений для открытых потоков
|f Е. Г. Филиппов
|
| 210 |
|
|
|a Ленинград
|c Гидрометеоиздат
|d 1990
|
| 215 |
|
|
|a 288 с.
|c ил.
|
| 320 |
|
|
|a Библиогр.: с. 276-286.
|
| 606 |
1 |
|
|a Гидравлика потока
|2 stltpush
|3 (RuTPU)RU\TPU\subj\6467
|9 34349
|
| 610 |
1 |
|
|a гидрометрические сооружения
|
| 610 |
1 |
|
|a гидравлические исследования
|
| 610 |
1 |
|
|a методы
|
| 610 |
1 |
|
|a жидкости
|
| 610 |
1 |
|
|a истечение
|
| 610 |
1 |
|
|a перепады
|
| 610 |
1 |
|
|a быстротоки
|
| 610 |
1 |
|
|a классификация
|
| 610 |
1 |
|
|a водосливы
|
| 610 |
1 |
|
|a пороги
|
| 610 |
1 |
|
|a гидрометрические лотки
|
| 675 |
|
|
|a 627.13
|v 3
|
| 700 |
|
1 |
|a Филиппов
|b Е. Г.
|g Евгений Георгиевич
|
| 801 |
|
1 |
|a RU
|b 63413507
|c 20130617
|
| 801 |
|
2 |
|a RU
|b 63413507
|c 20130823
|g RCR
|
| 942 |
|
|
|c BK
|